000
00252nam a2200097Ia 4500
008
190216s9999||||xx |||||||||||||| ||und||
100
_a
Philip E Hart Man & Sigmund R Suskind
245
0
_a
Jeen Pravarthanam
260
_b
M M Publication
942
_c
BK
999
_c
37612
_d
37612